| 000 | 00847nam a22002777a 4500 | ||
|---|---|---|---|
| 001 | 5568 | ||
| 003 | FISKH | ||
| 005 | 20250828103556.0 | ||
| 008 | 241218b cb ||||| |||| 00| 0 eng d | ||
| 020 | _a9781740898027 | ||
| 040 |
_aFISKH _beng _cFISKH _dFISKH |
||
| 050 | _aPZ7 | ||
| 082 | _a629.133 | ||
| 100 | _aCoupe, Robert | ||
| 245 |
_aFlight / _cRobert Coupe |
||
| 260 |
_aSydney : _bWeldon Owen, _c2008. |
||
| 300 |
_a31 pages : _bcolor illustrations ; _c23 cm |
||
| 490 | _aTop Readers | ||
| 505 | _aR | ||
| 520 | _aBirds have wings so that they can fly. But how have humans managed to fly? We flew in many machines before Aeroplanes were invented. Read about what they were! | ||
| 521 | 8 |
_a770
_bLexile estimate |
|
| 521 | 8 |
_aR
_bRaz-Plus |
|
| 650 |
_aAeroplane _2Fly |
||
| 942 |
_2ddc _cBK _n0 |
||
| 999 |
_c5568 _d5568 |
||